| 000 | 00963nas a2200253 4500 | ||
|---|---|---|---|
| 001 | BR9206246 | ||
| 003 | BR-BrBNA | ||
| 005 | 20231205092913.0 | ||
| 007 | ta | ||
| 008 | 230509b bl.|||p| |||| 00| 00por d | ||
| 040 |
_aBR-BrBNA _bpor _cBiblioteca Nacional de Agricultura |
||
| 041 | _a(Pt) | ||
| 072 | _aF01 | ||
| 100 | 1 | _aDaudt, C.E. | |
| 100 | 1 | _aGuerra, C.C. | |
| 100 | 1 | _aRizzon, L.A. | |
| 245 | 1 | _aEvolucao dos acidos tartarico e malico em uvas cultivadas no Rio Grande do Sul (Brasil). 1: Vitis vinifera Riesling renano, Gewurztraminer e Verduzzo | |
| 246 | 1 | _aEvolution of tartaric and malic acids in grapes from Rio Grande do Sul (Brazil). 1: Vitis vinifera Riesling renano, Gewurztraminer and Verduzzo | |
| 650 | _aUVA | ||
| 650 | _aACIDO ORGANICO | ||
| 773 | 0 |
_tCiencia e Tecnologia de Alimentos (Brazil) _xISSN 0101-2061 _g(Jul-Dec 1991), v. 11(2) p. 181-199 _wBR9206246 |
|
| 909 |
_a202311 _bLúcia _c55 _dLúcia Elande |
||
| 942 |
_2AGRIS _n0 _cANA |
||
| 999 |
_c135011 _d135011 |
||